00490 a2200181 450000500170000000800410001702000300005804000090008808200180009710000210011524500380013626000340017430000080020865000220021665000200023865000190025865000310027720240709162656.0240709b |||||||| |||| 00| 0 eng d a9789391945787cRs. 895.00 aMAIN a301.24bK141S aKapadiya, Suniti aSocial problems and social change bMark Publishersc2022aJaipur a219 aSocial Psychology aUrban Sociology aWomen Literacy aSocial Psychology-Research